Thực trạng doanh nghiệp qua kết quả điều tra năm 2001 - 2002 - 2003

Đã lưu trong:
Bibliografiske detaljer
Institution som forfatter: Tổng Cục Thống Kê
Format: Bog
Sprog:Undetermined
Udgivet: Hà Nội Tổng Cục Thống Kê 2003
Fag:
Tags: Tilføj Tag
Ingen Tags, Vær først til at tagge denne postø!
Thư viện lưu trữ: Trung tâm Học liệu Trường Đại học Cần Thơ
LEADER 00607nam a2200193Ia 4500
001 CTU_62818
008 210402s9999 xx 000 0 und d
082 |a 338.7 
082 |b T455 
110 |a Tổng Cục Thống Kê 
245 0 |a Thực trạng doanh nghiệp qua kết quả điều tra năm 2001 - 2002 - 2003 
245 0 |c Tổng Cục Thống Kê 
260 |a Hà Nội 
260 |b Tổng Cục Thống Kê 
260 |c 2003 
650 |a Business enterprises 
650 |x Statistics 
904 |i Minh 
980 |a Trung tâm Học liệu Trường Đại học Cần Thơ